लोड हो रहा है...
Mookajji's visions /
| मुख्य लेखक: | |
|---|---|
| अन्य लेखक: | |
| स्वरूप: | Printed Book |
| भाषा: | English |
| प्रकाशित: |
Bangalore:
I.B. H. Prakashana,
c1979.
|
| विषय: |
| LEADER | 00535 a2200157 4500 | ||
|---|---|---|---|
| 008 | 150103s9999 000 0 eng | ||
| 082 | |a 894.8143 | ||
| 100 | |a Karanth, Shivaram, K. | ||
| 245 | |a Mookajji's visions / | ||
| 260 | |a Bangalore: |b I.B. H. Prakashana, |c c1979. | ||
| 300 | |a 259 p. | ||
| 650 | |a Kannada fiction | ||
| 700 | |a Rao, Sanjeeva.(tr.) | ||
| 942 | |c BK | ||
| 999 | |c 301940 |d 301940 | ||
| 952 | |0 0 |1 0 |2 ddc |4 0 |6 894_814300000000000_KAR_MO |7 0 |9 345298 |a DRA |b DRA |c ST1 |d 2010-09-23 |i 1119 |l 0 |o 894.8143 Kar/MO |p DRA1119 |r 2019-01-03 |w 2019-01-03 |y BK | ||